<?xml version="1.0" encoding="UTF-8"?>
<collection xmlns="http://www.loc.gov/MARC21/slim">
 <record>
  <leader>00602nam a22001455a 4500</leader>
  <controlfield tag="001">EUN.um002596</controlfield>
  <controlfield tag="008">041125s1985####ag############000#0#spa#d</controlfield>
  <controlfield tag="005">20130701141543.0</controlfield>
  <datafield tag="245" ind1="1" ind2="0">
   <subfield code="a">Anales. /</subfield>
   <subfield code="c">Jornadas argentinas de informática e investigación operativa. 15.</subfield>
  </datafield>
  <datafield tag="260" ind1=" " ind2=" ">
   <subfield code="a">Bahía Blanca :</subfield>
   <subfield code="b">Sociedad argentina de informática e investigación operativa,</subfield>
   <subfield code="c">1985.</subfield>
  </datafield>
  <datafield tag="300" ind1=" " ind2=" ">
   <subfield code="a">2 v.</subfield>
  </datafield>
  <datafield tag="110" ind1="2" ind2=" ">
   <subfield code="a">Jornadas argentinas de informática e investigación operativa. 15</subfield>
   <subfield code="c">Bahía Blanca, 14 al 16 de noviem.</subfield>
  </datafield>
  <datafield tag="082" ind1="0" ind2="4">
   <subfield code="a">001.54</subfield>
  </datafield>
  <datafield tag="082" ind1="0" ind2="4">
   <subfield code="a">001.124</subfield>
  </datafield>
  <datafield tag="859" ind1=" " ind2=" ">
   <subfield code="a">Ar-BaUNS</subfield>
   <subfield code="b">BIB. CENTRAL - Sector C</subfield>
   <subfield code="h">001.54</subfield>
   <subfield code="i">J769</subfield>
   <subfield code="p">92748/985</subfield>
   <subfield code="v">15  v.1</subfield>
  </datafield>
 </record>
</collection>
